Detalles MARC
| 000 -LÍDER |
| Campo fijo de descripción fija |
02392cam a2200361 i 4500 |
| 001 - NÚMERO DE CONTROL |
| Campo de control |
768714001 |
| 003 - IDENTIFICADOR DEL NÚMERO DE CONTROL |
| Campo de control |
CO-MdFUSB |
| 005 - FECHA Y HORA DE LA ULTIMA TRANSACCIÓN |
| control field |
20220412101909.0 |
| 007 - CAMPO FIJO DE DESCRIPCIÓN FIJA--INFORMACIÓN GENERAL |
| Campo fijo de descripción fija |
ta |
| 008 - ELEMENTOS DE LONGITUD FIJA -- INFORMACIÓN GENERAL |
| Campo fijo de descripción fija -- Información general |
000516t2000 mnua b 001 0 eng |
| 020 ## - NÚMERO INTERNACIONAL NORMALIZADO PARA LIBROS |
| Número Internacional Normalizado del libro |
0800632494 |
| 040 ## - FUENTE DE CATALOGACIÓN |
| Agencia de catalogación original |
DLC |
| Agencia que realiza la transcripción |
CO-MdFUSB |
| Idioma de catalogación |
spa |
| Agencia que realiza la modificación |
CO-MdFUSBC |
| Convenciones de la descripción |
rda |
| 041 ## - CÓDIGO DE IDIOMA |
| Código de idioma para texto/pista de sonido o título separado |
eng |
| 082 00 - NÚMERO DE CLASIFICACIÓN DECIMAL DEWEY |
| Número de clasificación |
223.906 |
| Número de la edición del Dewey |
23 |
| Clave de autor-Numero de item |
W223 |
| 100 1# - ASIENTO PRINCIPAL--NOMBRE PERSONAL |
| Nombre personal |
Walsh, Carey, |
| Fechas asociadas con el nombre |
1960- |
| Término relacionador |
autor |
| 245 10 - TÍTULO |
| Título del Material |
Exquisite desire : |
| Parte restante del título - Subtitulo |
religion, the erotic, and the Song of songs |
| Mención de responsabilidad, etc. |
/ Carey Ellen Walsh. |
| 264 #1 - PRODUCCIÓN, PUBLICACIÓN, DISTRIBUCIÓN, MANUFACTURA, Y COPYRIGHT |
| Lugar de producción, publicación, distribución, manufactura |
Minneapolis : |
| Nombre del productor, publicador, distribuidor |
Fortress Press, |
| Fecha de producción, publicación, distribución, manufactura, o copyright |
[2000] |
| 264 #4 - PRODUCCIÓN, PUBLICACIÓN, DISTRIBUCIÓN, MANUFACTURA, Y COPYRIGHT |
| Fecha de producción, publicación, distribución, manufactura, o copyright |
© 2000 |
| 300 ## - DESCRIPCIÓN FÍSICA |
| Extensión |
245 p. : |
| Otros detalles físicos |
ilustraciones ; |
| Dimensiones |
22 cm. |
| 336 ## - TIPO DE CONTENIDO |
| Fuente |
rdacontent |
| Término de tipo de contenido |
texto |
| Código de tipo de contenido |
txt |
| 337 ## - TIPO DE MEDIO |
| Fuente |
rdamedia |
| Nombre del tipo de medio |
sin mediación |
| Código del tipo de medio |
n |
| 338 ## - TIPO DE SOPORTE |
| Fuente |
rdacarrier |
| Nombre del tipo de soporte |
volumen |
| Código Tipo de soporte |
nc |
| 504 ## - NOTA DE BIBLIOGRAFÍA, ETC. |
| Nota de bibliografía, etc |
Incluye referencias bibliográficas (p. 235-239) e índice. |
| 505 ## - NOTA DE CONTENIDO |
| Nota de contenido con formato preestablecido |
Una cuestión de deseo: ¿hay alguna explicación para el gusto bíblico? -- Erótica en la Biblia: "desfallecer de amor" --<br/>Coqueteo bíblico -- Un corazón embriagado -- "Embriagado de amor" -- Voz de mujer en el canon: "una yegua entre los carros de Faraón" -- Pasión feroz como la tumba : muerte y deseo -- Anhelo espiritual. |
| 520 ## - NOTA DE RESUMEN, ETC. |
| Nota de sumario, etc. |
Carey Walsh investiga el carácter erótico en los escritos del antiguo Israel, particularmente el Cantar de los Cantares, y cómo lo erótico está conectado con la experiencia de lo divino". “En el Cantar, lo erótico se expresa en términos de deseo. El deseo y el anhelo del autor del texto, que se supone que es una mujer, se ve acentuado por la ausencia periódica de su amante masculino. El Cantar, por lo tanto, no es una alegoría del amor de Dios. por Israel o el amor de Cristo por la iglesia, como a menudo se ha entendido, sino esencialmente un libro sobre lo mucho que dos personas se aman y se desean". Walsh señala que la experiencia del deseo, el querer y el anhelo sensuales no está ajena a nuestro yo espiritual. Porque nuestra búsqueda espiritual es precisamente el anhelo de significado, el deseo hambriento de él. y el doloroso enfrentamiento con su ausencia periódica. Anhelamos una relación con lo Divino, aunque a menudo experimentamos su ausencia.” |
| 563 ## - NOTA DE ENCUADERNACIÓN |
| Nota de encuadernación |
Rústico |
| 630 #7 - TITULO UNIFORME |
| Título uniforme |
Biblia. |
| Nombre de parte o sección de la obra |
Cantares |
| Subdivisión de materia general |
Crítica, interpretación, etc. |
| 650 #0 - ASIENTO SECUNDARIO DE MATERIA - TERMINO TEMÁTICO |
| Término temático o nombre geográfico como elemento de entrada |
Sexo |
| 9 (RLIN) |
1346 |
| 653 ## - TÉRMINO DE INDIZACIÓN - NO CONTROLADO |
| Término no controlado |
Erotismo en la biblia. |
| 942 ## - TIPO DE MATERIAL (KOHA) |
| Tipo de Item KOHA |
Libros General |
| 945 ## - INFORMACIÓN LOCAL DEL REGISTRO |
| Catalogador |
JTF-925 |